Normal view
MARC view
- Estudiantes
Entry Materia
001 - NÚMERO DE CONTROL DEL REGISTRO
- campo de control: 21277
003 - IDENTIFICADOR DE NUMERO DE CONTROL
- campo de control: MX-MxUPN
005 - FECHA Y HORA DE LA ÚLTIMA TRANSACCIÓN
- campo de control: 20260203122018.0
008 - DATOS DE LONGITUD FIJA
- campo de control de longitud fija: 260203n| fcnnnbabn | ana |d
035 ## - NÚMERO DE CONTROL DEL SISTEMA
- Número de control del sistema: UPN10000021286
040 ## - FUENTE DE LA CATALOGACIÓN
- Centro catalogador de origen: MX-MxUPN
- Lengua de catalogación: spa
- Agencia de transcripción: MX-MxUPN
150 ## - ENCABEZAMIENTO - TEMÁTICO
- Término de materia o nombre geográfico como elemento inicial: Estudiantes
- Subdivisión de materia general: Enseñanza
450 ## - VÉASE - MATERIA
- Encabezamiento temático: Enseñanza de práctica
450 ## - VÉASE - MATERIA
- Encabezamiento temático: Experiencias profesionales de laboratorios
450 ## - VÉASE - MATERIA
- Encabezamiento temático: Laboratorios de enseñanza
670 ## - FUENTE EN LA QUE SE LOCALIZARON DATOS
- Cita de la fuente: E
902 ## - CATALOGADOR
- Catalogador: LG/120994
